000 01344cam a2200361 a 4500
001 17050039
005 20170105102922.0
008 111118s2012 enka b 001 0 eng
010 _a 2011046091
020 _a9781107031982(hbk.)
040 _aDLC
_cDLC
_dDLC
042 _apcc
043 _aa-cc---
_aa-ii---
050 0 0 _aJZ1734
_b.G55 2012
082 0 0 _a355/.033551
_223
100 1 _aGilboy, George J.,
_d1964-
245 1 0 _aChinese and Indian strategic behavior :
_bgrowing power and alarm /
_cGeorge J. Gilboy, Eric Heginbotham.
260 _aCambridge ;
_aNew York :
_bCambridge University Press,
_c2012.
300 _axxx, 346 p. :
_bill., maps ;
_c24 cm.
504 _aIncludes bibliographical references (p. 309-332) and index.
650 0 _aStrategic culture
_zChina.
650 0 _aStrategic culture
_zIndia.
651 0 _aChina
_xForeign relations
_y21st century.
651 0 _aChina
_xMilitary policy.
651 0 _aChina
_xForeign economic relations.
651 0 _aIndia
_xForeign relations
_y21st century.
651 0 _aIndia
_xMilitary policy.
651 0 _aIndia
_xForeign economic relations.
700 1 _aHeginbotham, Eric.
906 _a7
_bcbc
_corignew
_d1
_eecip
_f20
_gy-gencatlg
942 _2ddc
_cBK
999 _c15620
_d15620